[Papers presented at the International Symposium on Best Practice in Electronic Government held in Kuala Lumpur, 8-10 December 1998]

Bibliographic Details
Corporate Author: INTERNATIONAL Symposium on Best Practice in Electronic Government
Format: Book
Published: (Kuala Lumpur : Malaysian Administrative Modernisation and Management Planning Unit) , 1998
Subjects:

MARC

LEADER 00000cam a2200000 7i4500
001 0000002669
005 20031022.0
090 0 0 |a C351.0285   |b INT   |b INT 1998 
110 1 0 |a INTERNATIONAL Symposium on Best Practice in Electronic Government   |k 1998   |j Kuala Lumpur 
245 1 0 |a [Papers presented at the International Symposium on Best Practice in Electronic Government held in Kuala Lumpur, 8-10 December 1998] 
260 0 0 |a (Kuala Lumpur :   |b Malaysian Administrative Modernisation and Management Planning Unit) ,   |c 1998 
300 |a Various pagings :   |b ill. ;   |c 30 cm. 
500 0 0 |a Includes bibliographical references 
650 0 0 |a Electronic data processing   |x Government policy   |x Congresses 
650 0 0 |a Public administration   |x Data processing   |x Congresses 
998 |a JPSM 
999 |a 0000005056   |b Monograph   |c Conference kit   |e Default branch